书目信息 |
| 题名: |
人的聪明才智哪里来
|
|
| 作者: | 茅家义 编著 | |
| 分册: | ||
| 出版信息: | 北京 农村读物出版社 1983 |
|
| 页数: | 61页 | |
| 开本: | 19cm | |
| 丛书名: | 通俗政治理论丛书 | |
| 单 册: | ||
| 中图分类: | B023.3 | |
| 科图分类: | ||
| 主题词: | 真理观 | |
| 电子资源: | ||
| ISBN: | ||
| 000 | 00672nam2 2200253 45 | |
| 001 | 0183005458 | |
| 005 | 20060816113054.00 | |
| 010 | @dCNY0.23 | |
| 091 | @aCN@b2267.1 | |
| 100 | @a19950627d1983 em y0chiy0121 ea | |
| 101 | 0 | @achi |
| 102 | @aCN@b110000 | |
| 105 | @ay z 000yy | |
| 200 | 10 | @a人的聪明才智哪里来@Aren de cong ming cai zhi na li lai@f茅家义编著 |
| 210 | @a北京@c农村读物出版社@d1983 | |
| 215 | @a61页@d19cm | |
| 225 | 2 | @a通俗政治理论丛书 |
| 410 | 0 | @120010@a通俗政治理论丛书 |
| 606 | @a真理观 | |
| 690 | @aB023.3@v3 | |
| 701 | 0 | @a茅家义@Amao jia yi@4编著 |
| 801 | 0 | @aCN@bTSSF@c20060816 |
| 801 | 2 | @aCN@bNLC@c20060810 |
| 905 | @dB023.3@e83 | |
| 人的聪明才智哪里来/茅家义编著.-北京:农村读物出版社,1983 |
| 61页;19cm.-(通俗政治理论丛书) |
| ISBN :CNY0.23 |
| ● |
| 相关链接 |
|
|
|
|
正题名:人的聪明才智哪里来
索取号:B023.3/83
 
预约/预借
| 序号 | 登录号 | 条形码 | 馆藏地/架位号 | 状态 | 备注 |
| 1 | 0424821 | 204248215 | 密集书库/ [索取号:B023.3/83] | 在馆 | |
| 2 | 0440470 | 204404705 | 密集书库/ [索取号:B023.3/83] | 在馆 | |
| 3 | 0453976 | 204539767 | 密集书库/ [索取号:B023.3/83] | 在馆 | |
| 4 | 0464906 | 204649069 | 密集书库/ [索取号:B023.3/83] | 在馆 |